[Event "AUTO-ADV-3478"]
[Site "http://www.queenalice.com/game.php?id=1378010"]
[Date "2015.8.17"]
[Round "1"]
[White "vindaloo"]
[Black "dorszu"]
[Result "1-0"]
[WhiteElo "1930"]
[BlackElo "1767"]

1. e4 c5 2. c4 Nc6 3. Nc3 e6 4. Nf3 Nge7 5. d3 Nd4 6. Be3 Ng6 7. Bxd4 cxd4 8.
Nxd4 Bc5 9. Nf3 O-O 10. Be2 Nf4 11. O-O b6 12. d4 Bb4 13. Rc1 Bb7 14. d5 Bxc3
15. Rxc3 Ba6 16. d6 f6 17. g3 Nxe2+ 18. Qxe2 Rb8 19. Qc2 Rb7 20. Rd1 Qb8 21. c5
bxc5 22. Rxc5 Rxb2 23. Qa4 Bb5 24. Qa3 Be2 25. Rdc1 Qxd6 26. Qxb2 Bxf3 27. R5c4
Rb8 28. Qc3 Bh5 29. Rc8+ Rxc8 30. Qxc8+ Kf7 31. Qc2 g5 32. e5 Qxe5 33. Qxh7+ Kf8
34. Qxh5 Ke7 35. Qd1 1-0

[Event "AUTO-INT-3040"]
[Site "http://www.queenalice.com/game.php?id=1378299"]
[Date "2015.8.18"]
[Round "1"]
[White "vincenzo"]
[Black "dorszu"]
[Result "0-1"]
[WhiteElo "1621"]
[BlackElo "1745"]

1. d4 Nf6 2. e3 d5 3. Nf3 Bg4 4. Be2 Bh5 5. O-O e6 6. Nc3 Nbd7 7. Ne5 Bxe2 8.
Qxe2 Bb4 9. Qb5 Bxc3 10. bxc3 Rb8 11. c4 a6 12. Qa5 O-O 13. Ba3 Nxe5 14. Bxf8
Nxc4 15. Qb4 Qxf8 16. Qxf8+ Kxf8 17. a4 a5 18. c3 Ke7 19. g3 b5 20. Rfb1 c6 21.
h4 Ne4 22. f3 Nxg3 23. f4 Nxe3 24. Kf2 Ngf5 25. axb5 cxb5 26. Rxa5 Ng4+ 27. Kf3
Nh2+ 28. Kg2 Ng4 29. Raxb5 Rxb5 30. Rxb5 f6 31. Kf3 h5 32. Rb7+ Kf8 33. Rb8+ Kf7
34. Rb7+ Kg6 35. Rb8 Nxh4+ 36. Kg3 Nf5+ 37. Kf3 Nh2+ 38. Kg2 Ng4 39. Kh3 Nd6 40.
Rb6 Ne4 41. Kh4 Nxc3 42. Rxe6 Nb5 43. Rd6 Nxd6 0-1

[Event "AUTO-INT-3040"]
[Site "http://www.queenalice.com/game.php?id=1378300"]
[Date "2015.8.18"]
[Round "1"]
[White "dorszu"]
[Black "vincenzo"]
[Result "1-0"]
[WhiteElo "1753"]
[BlackElo "1692"]

1. Nf3 d5 2. c4 e6 3. cxd5 Qxd5 4. Nc3 Qc5 5. d4 Qd6 6. g3 Nf6 7. Bg2 Be7 8. Bf4
Qb6 9. O-O Qxb2 10. Qd3 Qb6 11. Rab1 Qc6 12. Ne5 Qa6 13. Nb5 Nd5 14. Bxd5 Qb6
15. Nc4 Qa6 16. Nxc7+ Kd7 17. Nxa6 exd5 18. Ne5+ Kd8 19. Nxf7+ Ke8 20. Nxh8 bxa6
21. Qxh7 Nc6 22. Qh5+ Kd8 23. Nf7+ Ke8 24. Ne5+ Kd8 25. Nxc6+ Kd7 26. Rfc1 Ba3
27. Qf7+ Be7 28. Qxe7# 1-0

[Event "AUTO-INT-3040"]
[Site "http://www.queenalice.com/game.php?id=1378315"]
[Date "2015.8.18"]
[Round "1"]
[White "Givanildo"]
[Black "dorszu"]
[Result "1-0"]
[WhiteElo "1735"]
[BlackElo "1668"]

1. e3 e5 2. Qf3 Nf6 3. h3 d5 4. Nc3 Be6 5. Bb5+ c6 6. Ba4 Bd6 7. e4 d4 8. Nce2
Nbd7 9. a3 b5 10. Bb3 O-O 11. d3 Bxb3 12. cxb3 Re8 13. g4 Nf8 14. g5 N6d7 15. h4
f6 16. Bd2 Rb8 17. b4 Re7 18. gxf6 Rf7 19. Bg5 Nxf6 20. h5 h6 21. Nh3 Nxh5 22.
Qxh5 Be7 23. Bxe7 Qxe7 24. Rg1 Qf6 25. O-O-O Rc8 26. f4 exf4 27. Nexf4 c5 28.
bxc5 Rc6 29. e5 Rxc5+ 30. Kb1 Rxe5 31. Qf3 Re3 32. Qg4 a5 33. Nd5 Qe6 34. Nhf4
Qxg4 35. Rxg4 Nd7 36. Nxe3 Ne5 37. Rh4 g5 38. Rg4 Nxg4 39. Ned5 Rxf4 40. Ne7+
Kh7 41. Nd5 Rf3 42. b4 axb4 43. Nxb4 Ne5 44. Nd5 Rxd3 45. Re1 Nc4 46. Nf6+ Kg6
47. Nd5 Nxa3+ 48. Ka2 Nc4 49. Re6+ Kh5 50. Nf6+ Kg6 51. Nd7+ Kh5 52. Nc5 Rf3 53.
Ne4 Re3 54. Nf6+ Kh4 55. Rc6 h5 56. Nd5 Re5 57. Nc7 d3 58. Nxb5 d2 59. Rxc4+ g4
60. Nc3 Rd5 61. Nd1 Kg3 62. Rc3+ Kh2 63. Kb2 g3 64. Ne3 g2 65. Nxd5 d1=Q 66. Rc2
Qxd5 67. Kc1 Kh1 68. Rd2 1-0

[Event "AUTO-INT-3040"]
[Site "http://www.queenalice.com/game.php?id=1378316"]
[Date "2015.8.18"]
[Round "1"]
[White "dorszu"]
[Black "Givanildo"]
[Result "1-0"]
[WhiteElo "1785"]
[BlackElo "1691"]

1. Nf3 h6 2. h4 e6 3. c4 Bc5 4. d4 Bb4+ 5. Nbd2 Nc6 6. a3 Bxd2+ 7. Bxd2 b6 8. e4
d6 9. Bd3 e5 10. d5 Nd4 11. Nxd4 exd4 12. Qf3 f6 13. O-O Qe7 14. b4 h5 15. Qg3
Qf7 16. Bc1 Bd7 17. Bb2 c5 18. b5 Ne7 19. Qxd6 Rd8 20. Qg3 g5 21. Rfe1 g4 22.
Bc1 f5 23. exf5 O-O 24. Bg5 Nxf5 25. Bxf5 Qxf5 26. Bxd8 Rxd8 27. Qc7 Rf8 28. Ra2
g3 29. f3 d3 30. Rd2 Rf7 31. Qxa7 Qf4 32. Red1 Bf5 33. Qb8+ Kg7 34. Qxf4 Bg4 35.
Qd6 Rd7 36. Qxd7+ Bxd7 37. Rxd3 Kf6 38. a4 Ke5 39. Re1+ Kd6 40. Rde3 Bc8 41.
Re6+ Bxe6 42. Rxe6+ Kd7 43. Rxb6 Kc7 44. Rc6+ Kd7 45. b6 Kd8 46. b7 Ke7 47. b8=Q
Kd7 48. Qb7+ Ke8 49. Rc8# 1-0

[Event "AUTO-INT-3040"]
[Site "http://www.queenalice.com/game.php?id=1378327"]
[Date "2015.8.18"]
[Round "1"]
[White "dorszu"]
[Black "alfiere7"]
[Result "1/2-1/2"]
[WhiteElo "1869"]
[BlackElo "1689"]

1. Nf3 d5 2. c4 dxc4 3. Nc3 Nc6 4. e4 Bg4 5. h3 Bh5 6. Bxc4 e5 7. O-O Nd4 8. Be2
Nxf3+ 9. Bxf3 Bxf3 10. Qxf3 Bc5 11. Nd5 Nf6 12. Nxf6+ gxf6 13. Rd1 Qd4 14. Qxf6
O-O 15. d3 Qd6 16. Qf5 Rfe8 17. Bg5 Qg6 18. Qxg6+ hxg6 19. Rac1 b6 20. a3 Rac8
21. b4 Bd4 22. Kf1 Bb2 23. Rc2 Bxa3 24. Ra1 Bxb4 25. Rxa7 Bd6 26. g3 Be7 27. Be3
c5 28. h4 Ra8 29. Rca2 Rxa7 30. Rxa7 Bd6 31. Rb7 Rb8 32. Rxb8+ Bxb8 33. Ke1 f5
34. exf5 gxf5 35. Kd1 f4 1/2-1/2

[Event "AUTO-INT-3040"]
[Site "http://www.queenalice.com/game.php?id=1378328"]
[Date "2015.8.18"]
[Round "1"]
[White "alfiere7"]
[Black "dorszu"]
[Result "1-0"]
[WhiteElo "1705"]
[BlackElo "1734"]

1. d4 d5 2. c4 dxc4 3. Nf3 Nf6 4. Nc3 a6 5. e4 b5 6. e5 Nfd7 7. b3 cxb3 8. axb3
e6 9. Nxb5 Bb7 10. Bc4 Nc6 11. Nc3 Nb6 12. d5 Nb4 13. O-O N6xd5 14. Nxd5 exd5
15. Bd3 Bc5 16. Ng5 h6 17. Nf3 Qe7 18. Ba3 Nc6 19. Re1 O-O 20. Bxc5 Qxc5 21. Qe2
Rfe8 22. Bxa6 Bxa6 23. Rxa6 Rxa6 24. Qxa6 Qc3 25. Qb5 Rb8 26. Qxd5 Rd8 27. Qc4
Qxc4 28. bxc4 Kf8 29. g3 Rd3 30. Nh4 Rc3 31. Re4 Na5 32. e6 Rxc4 33. e7+ Ke8 34.
Rxc4 Nxc4 35. Nf5 Nd6 36. Nxg7+ Kxe7 37. Nh5 c5 38. Nf4 c4 39. Kf1 Kf6 40. Ke2
Ke5 41. Kd2 Nb5 42. Ne2 f5 43. f4+ Ke4 44. h4 c3+ 45. Nxc3+ Nxc3 46. Kxc3 Kf3
47. Kd4 Kxg3 48. Ke5 Kg4 49. h5 1-0

[Event "AUTO-ADV-3503"]
[Site "http://www.queenalice.com/game.php?id=1385837"]
[Date "2015.9.27"]
[Round "1"]
[White "JVD"]
[Black "dorszu"]
[Result "0-1"]
[WhiteElo "1655"]
[BlackElo "1827"]

1. d4 Nf6 2. c4 d5 3. cxd5 Nxd5 4. Nf3 Bf5 5. Nbd2 Nc6 6. e4 Bxe4 7. Nxe4 e6 8.
a3 Be7 9. b4 a5 10. bxa5 Rxa5 11. Be2 O-O 12. O-O Qd7 13. Qd2 Rfa8 0-1

[Event "AUTO-ADV-3503"]
[Site "http://www.queenalice.com/game.php?id=1385838"]
[Date "2015.9.27"]
[Round "1"]
[White "dorszu"]
[Black "JVD"]
[Result "1-0"]
[WhiteElo "1836"]
[BlackElo "1646"]

1. d4 d5 2. Nf3 e6 3. g3 Nf6 4. a3 g6 5. Bg2 Bg7 6. O-O O-O 7. Bg5 Qd6 8. Nc3 a6
9. b4 b5 10. Qd3 Bb7 11. Nd2 Nbd7 12. Nb3 Nb6 13. Na5 1-0

[Event "AUTO-ADV-3503"]
[Site "http://www.queenalice.com/game.php?id=1385853"]
[Date "2015.9.27"]
[Round "1"]
[White "jajerduco"]
[Black "dorszu"]
[Result "0-1"]
[WhiteElo "1532"]
[BlackElo "1844"]

1. a3 d5 2. d4 Bf5 3. Nf3 e6 4. g3 Nc6 5. Bg2 Nf6 6. Bg5 Be7 7. Bxf6 Bxf6 8. O-O
Bg4 9. c3 h6 10. Qd3 Bf5 11. Qb5 Rb8 12. Nbd2 a6 13. Qa4 O-O 14. b4 Ra8 15. b5
axb5 16. Qxb5 Ra5 17. Qxb7 Qb8 18. Qxc6 Rb5 19. a4 Rb6 20. Qc5 Re8 21. a5 Be7
22. Qxe7 Rxe7 23. Nh4 Bh7 24. Nhf3 Ra6 25. Ne5 Qb5 26. e3 f6 27. Ng4 Rxa5 0-1

[Event "AUTO-ADV-3503"]
[Site "http://www.queenalice.com/game.php?id=1385854"]
[Date "2015.9.27"]
[Round "1"]
[White "dorszu"]
[Black "jajerduco"]
[Result "1-0"]
[WhiteElo "1848"]
[BlackElo "1528"]

1. Nf3 f5 2. d4 Nf6 3. g3 g6 4. Bg5 Bg7 5. c3 e6 6. Bg2 d6 7. Nbd2 Nbd7 8. O-O
b6 9. Qc2 Bb7 10. Nb3 Qe7 11. a4 a5 12. Nfd2 Bxg2 13. Kxg2 O-O 14. c4 c5 15.
dxc5 bxc5 16. e4 Ne5 17. Rfe1 h6 18. Bxf6 Qxf6 19. Re2 h5 20. f4 Ng4 21. Rb1 e5
22. Nf1 exf4 23. Kh1 f3 24. Rd2 Qe5 25. Qd3 fxe4 26. Qc2 Bh6 27. Rd5 1-0

[Event "AUTO-ADV-3503"]
[Site "http://www.queenalice.com/game.php?id=1385865"]
[Date "2015.9.27"]
[Round "1"]
[White "dorszu"]
[Black "chess3480"]
[Result "0-1"]
[WhiteElo "1866"]
[BlackElo "2139"]

1. Nf3 Nf6 2. c4 e6 3. Nc3 d5 4. d3 Be7 5. cxd5 exd5 6. Bf4 c5 7. b3 d4 8. Ne4
Nd5 9. Bg3 f5 10. Ned2 f4 11. Bxf4 Nxf4 12. g3 Nd5 13. Nc4 Nc6 14. Bg2 O-O 15.
O-O b5 16. Nce5 Nxe5 17. Nxe5 Bb7 18. Rc1 Nc3 19. Qc2 Bxg2 20. Kxg2 Qd5+ 21. Nf3
b4 22. Kg1 Rxf3 23. exf3 Qxf3 24. Qd2 Ne2+ 0-1

[Event "AUTO-ADV-3503"]
[Site "http://www.queenalice.com/game.php?id=1385866"]
[Date "2015.9.27"]
[Round "1"]
[White "chess3480"]
[Black "dorszu"]
[Result "1-0"]
[WhiteElo "2169"]
[BlackElo "1759"]

1. c4 e5 2. Nc3 Nf6 3. Nf3 Nc6 4. g3 Bb4 5. Bg2 O-O 6. O-O d6 7. Nd5 Be6 8. Nxb4
Nxb4 9. a3 Nc6 10. b3 a5 11. d4 exd4 12. Nxd4 Nxd4 13. Qxd4 Re8 14. Bg5 h6 15.
Bxf6 Qxf6 16. Qxf6 gxf6 17. Bxb7 Rab8 18. Bc6 Re7 19. Rab1 Bf5 20. Rb2 Rb6 21.
Ba4 Bg4 22. f3 Bd7 23. Bxd7 Rxd7 24. b4 axb4 25. axb4 c5 26. b5 Kg7 27. e4 Re7
28. g4 Kg6 29. Ra1 Reb7 30. Rba2 Rb8 31. Ra6 Kg5 32. Kf2 Kf4 33. Rxb6 Rxb6 34.
Rd1 1-0

[Event "AUTO-ADV-3548"]
[Site "http://www.queenalice.com/game.php?id=1398317"]
[Date "2015.12.11"]
[Round "1"]
[White "dorszu"]
[Black "betofortaleza"]
[Result "0-1"]
[WhiteElo "1745"]
[BlackElo "1864"]

1. e4 e5 2. Nf3 Nc6 3. Bb5 Bc5 4. Nc3 a6 5. Ba4 b5 6. Bb3 h6 7. O-O d6 8. d3 Bg4
9. Be3 Nd4 10. Bxd4 Bxd4 11. Bd5 Rb8 12. h3 Bd7 13. Ne2 f5 14. exf5 Bxf5 15.
Bxg8 Rxg8 0-1

[Event "AUTO-ADV-3548"]
[Site "http://www.queenalice.com/game.php?id=1398318"]
[Date "2015.12.11"]
[Round "1"]
[White "betofortaleza"]
[Black "dorszu"]
[Result "1-0"]
[WhiteElo "1852"]
[BlackElo "1757"]

1. e4 e6 2. e5 d5 3. d4 Bb4+ 4. Bd2 a5 5. a3 Bxd2+ 6. Qxd2 Ne7 7. Nf3 Nbc6 8.
Bb5 O-O 9. h4 Bd7 10. Nc3 Nf5 11. Bxc6 Bxc6 12. Ng5 h6 13. O-O-O Nxh4 14. Rxh4
Qxg5 15. Qxg5 1-0

[Event "AUTO-ADV-3548"]
[Site "http://www.queenalice.com/game.php?id=1398319"]
[Date "2015.12.11"]
[Round "1"]
[White "dorszu"]
[Black "BOTAFOGONISSO"]
[Result "0-1"]
[WhiteElo "1800"]
[BlackElo "1669"]

1. e4 e5 2. Nf3 Nc6 3. Bb5 Nd4 4. Nxd4 exd4 5. O-O a6 6. Ba4 Nf6 7. Re1 b5 8.
Bb3 Bc5 9. c3 Bb7 10. d3 h6 11. cxd4 Bxd4 12. Nd2 h5 13. Nf3 Bc5 14. Bg5 d6 0-1

[Event "AUTO-ADV-3548"]
[Site "http://www.queenalice.com/game.php?id=1398320"]
[Date "2015.12.11"]
[Round "1"]
[White "BOTAFOGONISSO"]
[Black "dorszu"]
[Result "1-0"]
[WhiteElo "1690"]
[BlackElo "1779"]

1. e4 c5 2. Bc4 Nc6 3. Qf3 Ne5 4. Qb3 Nxc4 5. Qxc4 Qc7 6. Nf3 d6 7. Ng5 e6 8. d3
h6 9. Nh3 Be7 10. O-O e5 11. Nc3 Nf6 12. Nb5 Qc6 13. a4 a6 14. Nc3 Bxh3 15. gxh3
1-0

[Event "AUTO-ADV-3548"]
[Site "http://www.queenalice.com/game.php?id=1398321"]
[Date "2015.12.11"]
[Round "1"]
[White "dorszu"]
[Black "TITAN10"]
[Result "0-1"]
[WhiteElo "1717"]
[BlackElo "1885"]

1. e4 c5 2. Nf3 d6 3. Bc4 Nf6 4. d3 a6 5. a3 Bg4 6. O-O e6 7. h3 Bh5 8. Bg5 Be7
9. Nbd2 h6 10. Bh4 O-O 11. b4 b5 12. Ba2 Nbd7 13. Qc1 Nh7 14. Bg3 e5 15. Re1 Bg6
0-1

[Event "AUTO-ADV-3548"]
[Site "http://www.queenalice.com/game.php?id=1398322"]
[Date "2015.12.11"]
[Round "1"]
[White "TITAN10"]
[Black "dorszu"]
[Result "1-0"]
[WhiteElo "1894"]
[BlackElo "1708"]

1. e4 c5 2. Nf3 Nc6 3. d4 cxd4 4. Nxd4 Ne5 5. Be2 Nf6 6. Bd3 e6 7. Bg5 h6 8. Bh4
Be7 9. Bg3 O-O 10. Bxe5 d6 11. Bg3 Qb6 12. Nb3 d5 13. O-O a5 14. Qc1 dxe4 15.
Be2 a4 16. N3d2 1-0